<?xml version="1.0" encoding="UTF-8"?>
<record
    xmlns:xsi="http://www.w3.org/2001/XMLSchema-instance"
    xsi:schemaLocation="http://www.loc.gov/MARC21/slim http://www.loc.gov/standards/marcxml/schema/MARC21slim.xsd"
    xmlns="http://www.loc.gov/MARC21/slim">

  <leader>00407nam a22001697a 4500</leader>
  <controlfield tag="003">OSt</controlfield>
  <controlfield tag="005">20240330113326.0</controlfield>
  <controlfield tag="008">211009b        xxu||||| |||| 00| 0 eng d</controlfield>
  <datafield tag="020" ind1=" " ind2=" ">
    <subfield code="a">978-9352706860</subfield>
  </datafield>
  <datafield tag="040" ind1=" " ind2=" ">
    <subfield code="c">IIMT UNIVERSITY</subfield>
  </datafield>
  <datafield tag="100" ind1=" " ind2=" ">
    <subfield code="a">KHURANA A K</subfield>
  </datafield>
  <datafield tag="245" ind1=" " ind2=" ">
    <subfield code="a">COMPREHENSIVE OPHTHALMOLOGY</subfield>
  </datafield>
  <datafield tag="250" ind1=" " ind2=" ">
    <subfield code="a">7TH</subfield>
  </datafield>
  <datafield tag="260" ind1=" " ind2=" ">
    <subfield code="a">NEW DELHI</subfield>
    <subfield code="b">JAYPEE BROTHERS </subfield>
    <subfield code="c">2019</subfield>
  </datafield>
  <datafield tag="300" ind1=" " ind2=" ">
    <subfield code="a">662</subfield>
  </datafield>
  <datafield tag="942" ind1=" " ind2=" ">
    <subfield code="2">ddc</subfield>
    <subfield code="c">02</subfield>
    <subfield code="e">7TH</subfield>
  </datafield>
  <datafield tag="999" ind1=" " ind2=" ">
    <subfield code="c">50890</subfield>
    <subfield code="d">50890</subfield>
  </datafield>
  <datafield tag="952" ind1=" " ind2=" ">
    <subfield code="0">0</subfield>
    <subfield code="1">0</subfield>
    <subfield code="2">ddc</subfield>
    <subfield code="4">0</subfield>
    <subfield code="7">0</subfield>
    <subfield code="a">01</subfield>
    <subfield code="b">01</subfield>
    <subfield code="d">2021-10-09</subfield>
    <subfield code="e">JAYPEE BROTHERS MEDICAL PUBLISHERS</subfield>
    <subfield code="f">ALLIED SCI</subfield>
    <subfield code="g">1295.00</subfield>
    <subfield code="i">2100112,,,/04/10/2021</subfield>
    <subfield code="l">2</subfield>
    <subfield code="o">617.7 KHU</subfield>
    <subfield code="p">01-B-133058</subfield>
    <subfield code="r">2024-06-27</subfield>
    <subfield code="s">2024-01-31</subfield>
    <subfield code="w">2021-10-09</subfield>
    <subfield code="y">02</subfield>
  </datafield>
  <datafield tag="952" ind1=" " ind2=" ">
    <subfield code="0">0</subfield>
    <subfield code="1">0</subfield>
    <subfield code="2">ddc</subfield>
    <subfield code="4">0</subfield>
    <subfield code="7">0</subfield>
    <subfield code="a">01</subfield>
    <subfield code="b">01</subfield>
    <subfield code="d">2021-10-09</subfield>
    <subfield code="e">JAYPEE BROTHERS MEDICAL PUBLISHERS</subfield>
    <subfield code="f">ALLIED SCI</subfield>
    <subfield code="g">1295.00</subfield>
    <subfield code="i">2100112,,,/04/10/2021</subfield>
    <subfield code="l">3</subfield>
    <subfield code="o">617.7 KHU</subfield>
    <subfield code="p">01-B-133059</subfield>
    <subfield code="r">2025-07-01</subfield>
    <subfield code="s">2024-09-27</subfield>
    <subfield code="w">2021-10-09</subfield>
    <subfield code="y">02</subfield>
  </datafield>
</record>
